000
003060000a22001090004500
100
1
_a
Camargo López, Jesús
245
1
0
_a
El matrimonio según Génisis (3)
300
_a
Vol. 15, Num 2 (Abril-Junio, 1996) Páginas 20-22
700
1
_a
Pérez de Camargo, Carmen
773
0
_t
Iglesia y Misión
942
_c
ANA
999
_c
52198
_d
52198